La littérature espagnole au XXe siècle (notice n° 1925193)

détails MARC
000 -LEADER
fixed length control field 01533cam a2200133 4500500
005 - DATE AND TIME OF LATEST TRANSACTION
control field 20260329023151.0
041 ## - LANGUAGE CODE
Language code of text/sound track or separate title fre
042 ## - AUTHENTICATION CODE
Authentication code dc
100 10 - MAIN ENTRY--PERSONAL NAME
Personal name Réda-Euvremer, Nicole
Relator term author
245 00 - TITLE STATEMENT
Title La littérature espagnole au XXe siècle
260 ## - PUBLICATION, DISTRIBUTION, ETC.
Name of publisher, distributor, etc. Armand Colin,<br/>
Date of publication, distribution, etc. 2014.<br/>
520 ## - SUMMARY, ETC.
Summary, etc. Cet ouvrage aborde dans un ordre chronologique la poésie, le roman et le théâtre en faisant le point sur les œuvres et les auteurs les plus significatifs :· il offre un panorama concis et commenté de la littérature espagnole du XXe siècle ;· il propose une mise en contexte historique des courants littéraires, éclairant leur relation (poids de la guerre civile, du franquisme…) ;· il s’appuie sur de nombreuses citations.Nicole Réda-Euvremer, est professeur agrégé d’espagnol. Elle enseigne en Classes préparatoires au lycée Fénelon, à Paris.La « génération de 98 » : le renouveau culturel au seuil du XXe siècle : Tradition et modernité. Un fils prodigue. La poésie de la « génération de 27 » à l’après-guerre : Célébration de l’être. Désir et réalité. Un poète mythique. Poésie de la guerre et de l’après-guerre. Le roman : Le roman avant la guerre civile. Le roman sous la dictature franquiste. Le roman féminin. La démocratie : les romanciers d’aujourd’hui. Une écriture théâtrale. Le théâtre : Le théâtre contemporain.
856 41 - ELECTRONIC LOCATION AND ACCESS
Uniform Resource Identifier <a href="https://shs.cairn.info/la-litterature-espagnole-au-xxe-siecle--9782200018917?lang=fr&redirect-ssocas=7080">https://shs.cairn.info/la-litterature-espagnole-au-xxe-siecle--9782200018917?lang=fr&redirect-ssocas=7080</a>

Pas d'exemplaire disponible.

PLUDOC

PLUDOC est la plateforme unique et centralisée de gestion des bibliothèques physiques et numériques de Guinée administré par le CEDUST. Elle est la plus grande base de données de ressources documentaires pour les Étudiants, Enseignants chercheurs et Chercheurs de Guinée.

Adresse

627 919 101/664 919 101

25 boulevard du commerce
Kaloum, Conakry, Guinée

Réseaux sociaux

Powered by Netsen Group @ 2025